[Event "NOR-chT Clubs"]
[Site "Drammen"]
[Date "2022.05.26"]
[Round "6"]
[White "Martinsen, Vegard"]
[Black "Hauge, Daniel Steen"]
[Result "1/2-1/2"]
[WhiteElo "1472"]
[BlackElo "1739"]
[PlyCount "48"]
[EventDate "2022.05.26"]
[EventType "team-swiss"]
[EventRounds "6"]
[EventCountry "NOR"]
[SourceTitle "EXT 2024"]
[Source "ChessBase"]
[SourceDate "2023.10.10"]
[SourceVersion "1"]
[SourceVersionDate "2023.10.10"]
[SourceQuality "1"]
[WhiteTeam "Nordstrand III"]
[BlackTeam "Offerspill Hobby"]
[WhiteTeamCountry "NOR"]
[BlackTeamCountry "NOR"]

1. e4 e6 2. d4 d5 3. Nd2 c5 4. c3 Nc6 5. Ngf3 cxd4 6. cxd4 Bb4 7. a3 Bxd2+ 8. Bxd2 dxe4 9. Ng5 Nf6 10. Bb5 h6 11. Nh3 0-0 12. Be3 Qa5+ 13. Qd2 Qxb5 14. Bxh6 gxh6 15. Qxh6 Nxd4 16. Nf4 Rd8 17. f3 e3 18. Rc1 Qxb2 19. Qg5+ Kf8 20. Qh6+ Ke7 21. Ng6+ fxg6 22. Qg7+ Ke8 23. Qxg6+ Ke7 24. Qg7+ Ke8 1/2-1/2

[Event "NOR-chT Clubs"]
[Site "Drammen"]
[Date "2022.05.26"]
[Round "2"]
[White "Morad, Hassen M"]
[Black "Martinsen, Vegard"]
[Result "1-0"]
[WhiteElo "1842"]
[BlackElo "1472"]
[PlyCount "73"]
[EventDate "2022.05.26"]
[EventType "team-swiss"]
[EventRounds "6"]
[EventCountry "NOR"]
[SourceTitle "EXT 2024"]
[Source "ChessBase"]
[SourceDate "2023.10.10"]
[SourceVersion "1"]
[SourceVersionDate "2023.10.10"]
[SourceQuality "1"]
[WhiteTeam "Fredriksstad II"]
[BlackTeam "Nordstrand III"]
[WhiteTeamCountry "NOR"]
[BlackTeamCountry "NOR"]

1. d4 d5 2. c4 e5 3. dxe5 d4 4. Nf3 Nc6 5. a3 Nge7 6. Bg5 Bg4 7. Nbd2 Qd7 8. h3 Bxf3 9. Nxf3 Ng6 10. e3 h6 11. Bf4 Nxf4 12. exf4 0-0-0 13. Bd3 f6 14. Qc2 Kb8 15. 0-0-0 fxe5 16. Nxe5 Nxe5 17. fxe5 Be7 18. f4 Rhf8 19. Rhf1 c5 20. g4 Bh4 21. Qh2 Qc6 22. Kb1 Rd7 23. Rd2 Bd8 24. h4 Ba5 25. Re2 Bc7 26. Qh3 Re7 27. g5 hxg5 28. hxg5 Ref7 29. f5 Bd8 30. e6 Re7 31. f6 gxf6 32. gxf6 Rc7 33. e7 Bxe7 34. fxe7 Re8 35. Qg3 Ka8 36. Rfe1 Rcc8 37. Bg6 1-0

[Event "Oslo op"]
[Site "Fornebu"]
[Date "2017.10.06"]
[Round "9"]
[White "Martinsen, Vegard"]
[Black "Beitnes, Andreas Roberg"]
[Result "1-0"]
[WhiteElo "1443"]
[BlackElo "1430"]
[PlyCount "69"]
[EventDate "2017.09.29"]
[EventType "swiss"]
[EventRounds "10"]
[EventCountry "NOR"]
[SourceTitle "CBM 181 Extra"]
[Source "ChessBase"]
[SourceDate "2017.12.12"]
[SourceVersion "1"]
[SourceVersionDate "2017.12.12"]
[SourceQuality "1"]

1. e4 e5 2. Nf3 Nc6 3. Bc4 Nf6 4. d4 exd4 5. 0-0 Bc5 6. e5 d5 7. exf6 dxc4 8. fxg7 Rg8 9. Re1+ Be6 10. Ng5 Qd5 11. Nc3 Qf5 12. Rxe6+ fxe6 13. Qh5+ Qg6 14. Qe2 dxc3 15. Nxe6 Kf7 16. Nxc5 Rge8 17. Qxc4+ Kxg7 18. Qxc3+ Kg8 19. Be3 Ne5 20. Qb3+ Qf7 21. Qc3 b6 22. Ne4 Rad8 23. Bg5 Ng4 24. Bxd8 Rxe4 25. f3 Re3 26. Qd4 h5 27. fxg4 Qe6 28. h3 h4 29. Bxh4 c5 30. Qd8+ Kf7 31. Rf1+ Kg7 32. Rf6 Qxf6 33. Qxf6+ Kh7 34. Qf7+ Kh6 35. g5# 1-0

[Event "Oslo op"]
[Site "Fornebu"]
[Date "2017.10.01"]
[Round "4"]
[White "Melaa, Sondre Lillestol"]
[Black "Martinsen, Vegard"]
[Result "0-1"]
[WhiteElo "1883"]
[BlackElo "1443"]
[PlyCount "46"]
[EventDate "2017.09.29"]
[EventType "swiss"]
[EventRounds "10"]
[EventCountry "NOR"]
[SourceTitle "CBM 181 Extra"]
[Source "ChessBase"]
[SourceDate "2017.12.12"]
[SourceVersion "1"]
[SourceVersionDate "2017.12.12"]
[SourceQuality "1"]

1. e4 e5 2. Nf3 Nc6 3. d4 Qf6 4. d5 Nd4 5. Be3 Nxf3+ 6. gxf3 Bb4+ 7. c3 Ba5 8. Nd2 Ne7 9. Qa4 Bb6 10. Bxb6 cxb6 11. 0-0-0 0-0 12. Rg1 Ng6 13. Rg3 Nf4 14. Nc4 Qh6 15. Nxe5 Nd3+ 16. Kb1 Nxe5 17. Qd4 d6 18. Be2 Qf6 19. Rdg1 Ng6 20. Qe3 Re8 21. f4 Rxe4 22. Qd2 Bf5 23. Bd3 Rxf4 0-1

[Event "Oslo op"]
[Site "Fornebu"]
[Date "2017.09.30"]
[Round "2"]
[White "Aure, Anders Nilsson"]
[Black "Martinsen, Vegard"]
[Result "1/2-1/2"]
[WhiteElo "1803"]
[BlackElo "1443"]
[PlyCount "50"]
[EventDate "2017.09.29"]
[EventType "swiss"]
[EventRounds "10"]
[EventCountry "NOR"]
[SourceTitle "CBM 181 Extra"]
[Source "ChessBase"]
[SourceDate "2017.12.12"]
[SourceVersion "1"]
[SourceVersionDate "2017.12.12"]
[SourceQuality "1"]

1. c4 e6 2. Nc3 Nf6 3. d4 d5 4. cxd5 Nxd5 5. e4 Nxc3 6. bxc3 Be7 7. Nf3 0-0 8. Bc4 c5 9. 0-0 Nc6 10. Bf4 cxd4 11. cxd4 Na5 12. Be2 b6 13. Rc1 Bd6 14. Qd2 Bb7 15. Qe3 Bxf4 16. Qxf4 Rc8 17. Rxc8 Qxc8 18. Rc1 Qd7 19. Rc7 Qd8 20. Ng5 Qf6 21. Qxf6 gxf6 22. Nf3 Bxe4 23. Rxa7 Ra8 24. Rxa8+ Bxa8 25. Nd2 Bd5 1/2-1/2